[Event "Krakow op-C 22nd"]
[Site "Krakow"]
[Date "2012.01.02"]
[Round "6"]
[White "Zmorzyski, Bohdan"]
[Black "Iwinski, Bartosz"]
[Result "1/2-1/2"]
[WhiteElo "1674"]
[BlackElo "1438"]
[PlyCount "42"]
[EventDate "2011.12.27"]
[EventType "swiss"]
[EventRounds "9"]
[EventCountry "POL"]
[SourceTitle "CBM 146 Extra"]
[Source "ChessBase"]
[SourceDate "2012.02.29"]
[SourceVersion "1"]
[SourceVersionDate "2012.02.29"]
[SourceQuality "1"]

1. d4 d5 2. Nf3 Bf5 3. c4 e6 4. Nc3 Nf6 5. e3 Be7 6. Be2 0-0 7. 0-0 c5 8. cxd5 Nxd5 9. Nxd5 Qxd5 10. Bd2 Nc6 11. Bc3 Rfd8 12. Qe1 Be4 13. a3 Bd6 14. dxc5 Qxc5 15. Nd2 Qd5 16. Nxe4 Qxe4 17. Bf3 Qh4 18. g3 Qa4 19. Qe2 Rac8 20. Rfd1 b6 21. Bg2 Ne7 1/2-1/2